Greenweb Ltd v LB Wandsworth (Record no. 79871)
[ view plain ]
| 000 -LEADER | |
|---|---|
| fixed length control field | 01660cad a22002175a 4500 |
| 001 - CONTROL NUMBER | |
| control field | L142572 |
| 008 - FIXED-LENGTH DATA ELEMENTS--GENERAL INFORMATION | |
| fixed length control field | 080225e20070917xxk f 000 0 eng d |
| 035 ## - SYSTEM CONTROL NUMBER | |
| System control number | (Sirsi) u142572 |
| 041 0# - LANGUAGE CODE | |
| Language code of text/sound track or separate title | eng |
| 245 00 - TITLE STATEMENT | |
| Title | Greenweb Ltd v LB Wandsworth |
| Medium | [electronic resource] |
| 260 ## - PUBLICATION, DISTRIBUTION, ETC. | |
| Date of publication, distribution, etc. | 2007 |
| 520 ## - SUMMARY, ETC. | |
| Summary, etc. | LCA 118 2006, 5 September 2007. The claimant company (G) sought compensation from the respondent council (W) for what it argued was compulsory purchase of land. The land in question had a history of different developments and owners dating to the nineteenth century. Planning permission was sought for the rebuilding of certain properties but had not been granted when G purchased the land. W was subsequently authorised to acquire G's interest in the land as a compulsory purchase and G claimed compensation on the grounds that planning permission for the developments had been expected. "Held": Planning permission capable of implementation was assumed for the rebuilding of the buildings previously on the site. There was no reason for not giving effect to this assumption. G was entitled to compensation on grounds that this rebuilding now could not take place. Compensation assessed accordingly. |
| 590 ## - LOCAL NOTE (RLIN) | |
| Local note | KA |
| 650 24 - SUBJECT ADDED ENTRY--TOPICAL TERM | |
| Topical term or geographic name entry element | GREENWEB LTD V WANDSWORTH LBC |
| 650 24 - SUBJECT ADDED ENTRY--TOPICAL TERM | |
| Topical term or geographic name entry element | LAND COMPENSATION ACT 1961 s15(3) |
| 650 24 - SUBJECT ADDED ENTRY--TOPICAL TERM | |
| Topical term or geographic name entry element | TOWN AND COUNTRY PLANNING ACT 1990 |
| 651 #4 - SUBJECT ADDED ENTRY--GEOGRAPHIC NAME | |
| Geographic name | England and Wales |
| Chronological subdivision | 1543- |
| 690 ## - LOCAL SUBJECT ADDED ENTRY--TOPICAL TERM (OCLC, RLIN) | |
| Topical term or geographic name as entry element | ENVIRONMENTAL AND LAND CONSULTANCY-PLANNING AND DEVELOPMENT-COMPULSORY PURCHASE AND COMPENSATION |
| 856 40 - ELECTRONIC LOCATION AND ACCESS | |
| Uniform Resource Identifier | <a href="https://www.landstribunal.gov.uk/aspx/view.aspx?id=459">https://www.landstribunal.gov.uk/aspx/view.aspx?id=459</a> |
| Public note | View the judgment free of charge at www.landstribunal.gov.uk... |
| 942 ## - ADDED ENTRY ELEMENTS (KOHA) | |
| Suppress in OPAC | 0 |
| Withdrawn status | Lost status | Source of classification or shelving scheme | Damaged status | Not for loan | Home library | Current library | Shelving location | Date acquired | Total Checkouts | Full call number | Barcode | Date last seen | Copy number | Price effective from | Koha item type |
|---|---|---|---|---|---|---|---|---|---|---|---|---|---|---|---|
| Dewey Decimal Classification | Virtual | Virtual | Online | 25/02/2008 | ONLINE PUBLICATION | 142572-1001 | 06/08/2019 | 1 | 06/08/2019 | Law report |